[Event "4NCL"]
[Site "Barcelo Hotel, Hinckley Island"]
[Date "2011.01.16"]
[Round "4.13"]
[White "Eggleston, David J"]
[Black "Webb, Laurence E"]
[Result "0-1"]
[WhiteElo "2303"]
[BlackElo "2307"]
[PlyCount "68"]
[EventDate "2011.??.??"]
[WhiteTeam "Cheddleton 1"]
[BlackTeam "Betsson.com"]

1. e4 e6 2. d4 d5 3. Nc3 Bb4 4. e5 b6 5. Qg4 Bf8 6. Nf3 Ne7 7. Bg5 Ba6 8. Bxa6
Nxa6 9. O-O Nb4 10. Bxe7 Qxe7 11. a3 Nc6 12. Ne2 h5 13. Qf4 g6 14. Qe3 Bh6 15.
Qd3 Qd7 16. b3 Ne7 17. Rfd1 O-O 18. h3 Rac8 19. c4 c5 20. dxc5 Rxc5 21. b4 Rc7
22. Ng3 Rd8 23. cxd5 Qxd5 24. Qe2 Qa8 25. Ne4 Kg7 26. Nf6 Nd5 27. Qe4 Nc3 28.
Rxd8 Qxd8 29. Qh4 Rc8 30. g4 Ne2+ 31. Kg2 Nf4+ 32. Kh2 Qd3 33. Ne1 Qf1 34. Nc2
Qg2# 0-1

[Event "4NCL"]
[Site "Barcelo Hotel, Hinckley Island"]
[Date "2011.01.16"]
[Round "4.13"]
[White "Ledger, Dave J"]
[Black "Wallace, Paul A"]
[Result "1-0"]
[WhiteElo "2261"]
[BlackElo "2245"]
[PlyCount "135"]
[EventDate "2011.??.??"]
[WhiteTeam "Betsson.com"]
[BlackTeam "Cheddleton 1"]

1. e4 c5 2. Nf3 Nc6 3. d4 cxd4 4. Nxd4 Nf6 5. Nc3 e5 6. Ndb5 d6 7. Bg5 a6 8.
Na3 b5 9. Nd5 Be7 10. Bxf6 Bxf6 11. c4 b4 12. Nc2 a5 13. Qf3 Bg5 14. h4 Be7 15.
Rd1 Ra7 16. c5 dxc5 17. Bb5 Bd7 18. Bxc6 Bxc6 19. Nf6+ Bxf6 20. Rxd8+ Bxd8 21.
Ne3 O-O 22. Qg4 Bd7 23. Qg3 Be6 24. O-O Bf6 25. b3 Rd8 26. Rc1 Rc7 27. Nc4 Bxc4
28. Rxc4 Rd1+ 29. Kh2 Rd4 30. h5 h6 31. Rxd4 cxd4 32. Qd3 Rd7 33. g3 Rd8 34.
Kh3 Rd6 35. Kg4 Rd8 36. Kf5 Kf8 37. f4 exf4 38. gxf4 Be7 39. e5 Kg8 40. Ke4 Kf8
41. Kf3 Kg8 42. Ke2 Bh4 43. Kd2 Be7 44. Kd1 Bh4 45. Ke2 Be7 46. Kd2 Bh4 47. Qh3
Be7 48. Kd3 Kf8 49. Qf5 Kg8 50. Qe4 Bh4 51. Qb7 Kf8 52. Qa7 Be7 53. Qxa5 Kg8
54. Qa7 Bh4 55. a4 Rc8 56. Qd7 Rc3+ 57. Kxd4 Bf2+ 58. Ke4 Rxb3 59. Qe8+ Kh7 60.
Qxf7 Re3+ 61. Kf5 b3 62. Qg6+ Kh8 63. Qe8+ Kh7 64. Qb5 Bh4 65. a5 Bf2 66. a6
Rh3 67. Qb8 Rh1 68. Qxb3 1-0

[Event "4NCL"]
[Site "Barcelo Hotel, Hinckley Island"]
[Date "2011.01.16"]
[Round "4.13"]
[White "Van Weersel, Arlette"]
[Black "Ledger, Stephen C"]
[Result "0-1"]
[WhiteElo "2219"]
[BlackElo "2060"]
[PlyCount "154"]
[EventDate "2011.??.??"]
[WhiteTeam "Cheddleton 1"]
[BlackTeam "Betsson.com"]

1. e4 c5 2. Nf3 Nc6 3. d4 cxd4 4. Nxd4 Nf6 5. Nc3 e5 6. Ndb5 d6 7. Bg5 a6 8.
Na3 b5 9. Nd5 Be7 10. Bxf6 Bxf6 11. c3 Ne7 12. Nc2 Bb7 13. a4 Nxd5 14. exd5
bxa4 15. Rxa4 O-O 16. Be2 a5 17. O-O Qb6 18. b4 axb4 19. Rxb4 Qc7 20. Ne3 Bg5
21. Nf5 Bc8 22. Rc4 Qd8 23. Qc2 g6 24. Ng3 Ba6 25. Rb4 Bxe2 26. Nxe2 Qc7 27.
Rfb1 Rfb8 28. Qb3 Rc8 29. Rb7 Qc5 30. Rb5 Qc7 31. Qb2 Qc4 32. Ng3 Ra2 33. Qb4
Qxb4 34. cxb4 f5 35. Ra5 Rxa5 36. bxa5 Ra8 37. Ra1 Ra6 38. Nf1 Bd8 39. Rb1 Bxa5
40. Rb8+ Kg7 41. Rb7+ Kf6 42. Rxh7 Bb6 43. h4 Ra2 44. Ne3 f4 45. Ng4+ Kf5 46.
Nh6+ Ke4 47. Ng4 Kxd5 48. Rg7 e4 49. Nf6+ Kd4 50. Ng4 Ra1+ 51. Kh2 e3 52. fxe3+
fxe3 53. Nxe3 Kxe3 54. Rxg6 Bd4 55. Kh3 Be5 56. Kg4 Ke4 57. Kh5 d5 58. Rg4+ Kd3
59. Kg6 Rf1 60. h5 d4 61. h6 Ke3 62. Rg5 Ke4 63. Rh5 d3 64. Rh4+ Rf4 65. Rh1
Rg4+ 66. Kf7 d2 67. h7 Rg7+ 68. Ke6 Rxh7 69. Rxh7 d1=Q 70. Rh4+ Bf4 71. g3 Qb3+
72. Kf6 Qxg3 73. Rh7 Qg5+ 74. Kf7 Be5 75. Kf8 Qf6+ 76. Ke8 Qg6+ 77. Rf7 Bd6 0-1

[Event "4NCL"]
[Site "Barcelo Hotel, Hinckley Island"]
[Date "2011.01.16"]
[Round "4.13"]
[White "Yurenok, Maria S"]
[Black "McKenna, Jason P"]
[Result "1/2-1/2"]
[WhiteElo "2092"]
[BlackElo "2062"]
[PlyCount "50"]
[EventDate "2011.??.??"]
[WhiteTeam "Betsson.com"]
[BlackTeam "Cheddleton 1"]

1. d4 g6 2. c4 Bg7 3. e4 d6 4. Nc3 Nf6 5. f3 c6 6. Be3 a6 7. c5 Nfd7 8. Nge2 b5
9. Qd2 dxc5 10. dxc5 Ne5 11. Qxd8+ Kxd8 12. Rd1+ Kc7 13. Nf4 Rd8 14. Rxd8 Kxd8
15. Be2 Nbd7 16. Kf2 Nf8 17. h4 h5 18. a4 Ne6 19. Rd1+ Ke8 20. Ra1 Nxf4 21.
Bxf4 b4 22. Na2 a5 23. Nc1 Be6 24. Rb1 Rd8 25. b3 Bf6 1/2-1/2

[Event "4NCL"]
[Site "Barcelo Hotel, Hinckley Island"]
[Date "2011.01.16"]
[Round "4.14"]
[White "Polaczek, Richard"]
[Black "Thomas, Nicholas"]
[Result "1-0"]
[WhiteElo "2378"]
[BlackElo "2286"]
[PlyCount "193"]
[EventDate "2011.??.??"]
[WhiteTeam "Pandora's Box Grantham"]
[BlackTeam "Warwickshire Select 1"]

1. d4 e6 2. c4 Nf6 3. Nf3 Bb4+ 4. Bd2 a5 5. g3 d6 6. Bg2 Nbd7 7. O-O e5 8. Bg5
exd4 9. Nxd4 O-O 10. a3 Bc5 11. Nc3 h6 12. Bf4 a4 13. Ndb5 Nb6 14. Nd5 Nfxd5
15. cxd5 Re8 16. Rc1 Bg4 17. Re1 Nd7 18. Rc4 Ra5 19. Nc3 b5 20. Re4 Rxe4 21.
Nxe4 Bb6 22. Bd2 Ra8 23. Bc3 Qe7 24. Bd4 Re8 25. Nc3 Ba5 26. h3 Bh5 27. g4 Bg6
28. e4 Qg5 29. Re3 Bxc3 30. Bxc3 Nb6 31. Qd4 f6 32. Bf1 Qf4 33. Bg2 Nc4 34. Re1
h5 35. f3 Ne5 36. Rf1 Nc4 37. Re1 Ne5 38. Qe3 Qxe3+ 39. Rxe3 hxg4 40. hxg4 Rb8
41. Bf1 Nc4 42. Re1 Be8 43. Kf2 Bd7 44. Be2 Kf7 45. Rh1 Rc8 46. Rh5 Ne5 47. Kg3
Nc4 48. g5 f5 49. Rh7 Rg8 50. f4 fxe4 51. Bh5+ Kf8 52. Bg6 Ne3 53. Bxe4 Bf5 54.
Bxf5 Nxf5+ 55. Kf3 Kf7 56. Ke4 Kg6 57. Rh3 Re8+ 58. Kd3 Rc8 59. Rh1 Ne7 60. Ke4
Nf5 61. Kd3 Ne7 62. Ke4 Nf5 63. Re1 Rh8 64. Kd3 Rh3+ 65. Kd2 Rf3 66. Re4 Rf2+
67. Kd3 Rf3+ 68. Ke2 Rh3 69. Rb4 Rh2+ 70. Kd3 Rh3+ 71. Kd2 Rh2+ 72. Kd3 Rh3+
73. Ke2 Rh2+ 74. Kf3 Rh3+ 75. Kf2 Rh2+ 76. Kf3 Kh5 77. Rxb5 Rh3+ 78. Ke2 Kg4
79. Rb4 Rh2+ 80. Kd3 Rh3+ 81. Kd2 Rh2+ 82. Kc1 Rh1+ 83. Kc2 Ne3+ 84. Kd3 Nxd5
85. Rxa4 Nxf4+ 86. Kc2 Kf5 87. Ra7 Ne6 88. a4 Kxg5 89. a5 Rh2+ 90. Kb1 Rh8 91.
b4 Rb8 92. Ka2 Kf5 93. a6 Ke4 94. Rb7 Ra8 95. b5 d5 96. Ba5 d4 97. Bxc7 1-0

[Event "4NCL"]
[Site "Barcelo Hotel, Hinckley Island"]
[Date "2011.01.16"]
[Round "4.14"]
[White "Shephard, Chris CW"]
[Black "Burrows, Martin P"]
[Result "0-1"]
[WhiteElo "2222"]
[BlackElo "2168"]
[PlyCount "116"]
[EventDate "2011.??.??"]
[WhiteTeam "Warwickshire Select 1"]
[BlackTeam "Pandora's Box Grantham"]

1. c4 Nf6 2. Nf3 e6 3. g3 d5 4. Bg2 dxc4 5. Qa4+ Nbd7 6. Qxc4 a6 7. O-O b5 8.
Qc2 Bb7 9. d3 c5 10. Nc3 Be7 11. Bd2 O-O 12. Rac1 Rc8 13. Rfd1 Qb6 14. Be1 Rfd8
15. Nd2 Bxg2 16. Kxg2 Nb8 17. Nce4 Nxe4 18. Nxe4 Nc6 19. e3 f5 20. Nc3 Kh8 21.
Ne2 Qb7 22. f3 e5 23. a3 Bg5 24. Bf2 Ne7 25. Ng1 Nd5 26. Qe2 Re8 27. Rc2 e4 28.
dxe4 fxe4 29. f4 Be7 30. Rcd2 Nb6 31. Qh5 Bf6 32. Nh3 g6 33. Qg4 Qe7 34. f5 g5
35. b3 Rc6 36. Ng1 c4 37. bxc4 bxc4 38. Ne2 c3 39. Rc2 Rc4 40. Qh5 Kg7 41. h4
gxh4 42. Nf4 Nd7 43. Be1 Be5 44. Ne6+ Kh8 45. g4 Nf6 46. Qxh4 Qb7 47. Bg3 Qb5
48. Bf4 Rc6 49. Bg5 Rcxe6 50. fxe6 Rxe6 51. Rd8+ Ne8 52. Rf2 Bg7 53. Be7 Qc6
54. Kh3 Rh6 55. Qxh6 Qxh6+ 56. Kg2 Qc6 57. Rc2 h6 58. Bb4 Kh7 0-1

[Event "4NCL"]
[Site "Barcelo Hotel, Hinckley Island"]
[Date "2011.01.16"]
[Round "4.14"]
[White "Capucci, Marcos"]
[Black "Hainke, Guntram"]
[Result "1/2-1/2"]
[WhiteElo "2229"]
[BlackElo "2295"]
[PlyCount "105"]
[EventDate "2011.??.??"]
[WhiteTeam "Pandora's Box Grantham"]
[BlackTeam "Warwickshire Select 1"]

1. Nf3 c5 2. e3 Nc6 3. d4 cxd4 4. exd4 d5 5. Be2 Bg4 6. O-O e6 7. b3 Nf6 8. Bb2
Be7 9. Nbd2 O-O 10. Ne5 Bxe2 11. Qxe2 Rc8 12. Nxc6 Rxc6 13. c4 dxc4 14. bxc4
Qc7 15. Rac1 Ra6 16. Ra1 Rc8 17. Rfc1 Rc6 18. Rc2 Nd5 19. a3 Qf4 20. Rac1 Qf5
21. g3 Bg5 22. f4 Bf6 23. Ne4 Be7 24. g4 Qxf4 25. cxd5 Rxc2 26. Rxc2 Rxc2 27.
Qxc2 Qxg4+ 28. Ng3 exd5 29. Kg2 g6 30. Qc7 Bh4 31. Qb8+ Kg7 32. Qe5+ Kg8 33.
Bc1 Bxg3 34. hxg3 Qe4+ 35. Qxe4 dxe4 36. g4 f5 37. Kg3 Kf7 38. g5 Ke6 39. Kf4
b5 40. Bb2 Kd5 41. Ba1 Kc4 42. Bc3 Kd5 43. Ke3 Kc4 44. Ba5 Kd5 45. Bc7 Kc6 46.
Bg3 Kd5 47. Be1 a6 48. Bf2 Kc4 49. Kf4 Kd5 50. Be3 Ke6 51. Bd2 Kd5 52. Bc3 Ke6
53. Bb4 1/2-1/2

[Event "4NCL"]
[Site "Barcelo Hotel, Hinckley Island"]
[Date "2011.01.16"]
[Round "4.14"]
[White "Mason, Donald J"]
[Black "Birtwistle, Nigel"]
[Result "1/2-1/2"]
[WhiteElo "2255"]
[BlackElo "2229"]
[PlyCount "23"]
[EventDate "2011.??.??"]
[WhiteTeam "Warwickshire Select 1"]
[BlackTeam "Pandora's Box Grantham"]

1. d4 Nf6 2. c4 c5 3. d5 b5 4. Nf3 e6 5. Bg5 Qa5+ 6. Nbd2 Ne4 7. b4 cxb4 8.
Nxe4 bxc4 9. dxe6 fxe6 10. Qd2 d5 11. Ng3 Bd7 12. e4 1/2-1/2

[Event "4NCL"]
[Site "Barcelo Hotel, Hinckley Island"]
[Date "2011.01.16"]
[Round "4.14"]
[White "Cumbers, Paul"]
[Black "Pitcher, John"]
[Result "0-1"]
[WhiteElo "2214"]
[BlackElo "2217"]
[PlyCount "118"]
[EventDate "2011.??.??"]
[WhiteTeam "Pandora's Box Grantham"]
[BlackTeam "Warwickshire Select 1"]

1. d4 d5 2. c4 c6 3. Nc3 Nf6 4. Nf3 a6 5. e3 b5 6. b3 Bg4 7. h3 Bxf3 8. gxf3
Nbd7 9. f4 bxc4 10. bxc4 dxc4 11. Qa4 Nd5 12. Qxc4 e6 13. Bg2 Be7 14. f5 N5b6
15. Qd3 exf5 16. Qxf5 O-O 17. O-O Rc8 18. e4 Nc4 19. Qf3 c5 20. d5 Bf6 21. Qd3
Nde5 22. Qc2 Ng6 23. Rb1 Qa5 24. Na4 Rb8 25. Rxb8 Rxb8 26. Qxc4 Rb4 27. Qxc5
Rxa4 28. Qc8+ Qd8 29. Qxd8+ Bxd8 30. Be3 Kf8 31. Bc5+ Ke8 32. a3 Nf4 33. Rb1
Rc4 34. Bd6 Nxg2 35. Kxg2 Rxe4 36. Rb8 Rd4 37. Be5 Rxd5 38. f4 f6 39. Bc7 Ke7
40. Bxd8+ Rxd8 41. Rb7+ Rd7 42. Rb6 Rd2+ 43. Kg3 a5 44. Rb7+ Rd7 45. Rb3 Ke6
46. Kg4 g6 47. Kf3 a4 48. Rc3 Kd5 49. Ke3 Re7+ 50. Kd2 Re4 51. Rc7 Rxf4 52.
Rxh7 Rf3 53. h4 Ke5 54. h5 g5 55. h6 Rxa3 56. Ra7 Rh3 57. h7 Kf5 58. Kc2 Kg6
59. Rxa4 Rxh7 0-1

[Event "4NCL"]
[Site "Barcelo Hotel, Hinckley Island"]
[Date "2011.01.16"]
[Round "4.14"]
[White "McCarthy, Kevin C"]
[Black "Hynes, AM (Tony)"]
[Result "0-1"]
[WhiteElo "2018"]
[BlackElo "2190"]
[PlyCount "78"]
[EventDate "2011.??.??"]
[WhiteTeam "Pandora's Box Grantham"]
[BlackTeam "Warwickshire Select 1"]

1. c4 e5 2. g3 Nc6 3. Bg2 g6 4. Nc3 Bg7 5. e4 d6 6. Nge2 Nge7 7. O-O O-O 8. d3
f5 9. Be3 Nd4 10. Bxd4 exd4 11. Nd5 c6 12. Nb4 fxe4 13. Bxe4 Bg4 14. Qd2 Qa5
15. f3 Bh3 16. Rfd1 Qc5 17. f4 Rae8 18. Bf3 Nf5 19. Nc2 Ne3 20. Re1 Nxc4 21.
dxc4 d3+ 22. Kh1 dxe2 23. Rxe2 Qxc4 24. Ne3 Qd4 25. Qxd4 Bxd4 26. Rae1 d5 27.
a3 Re7 28. Bg4 Bxg4 29. Nxg4 Rxe2 30. Rxe2 h5 31. Ne5 Re8 32. Kg2 g5 33. h3
Bxe5 34. fxe5 Kf7 35. g4 hxg4 36. hxg4 Ke7 37. Kg3 Rf8 38. Rh2 d4 39. b4 Ke6
0-1

[Event "4NCL"]
[Site "Barcelo Hotel, Hinckley Island"]
[Date "2011.01.16"]
[Round "4.15"]
[White "Cuenca Jimenez, Jose Fernando"]
[Black "Berczes, David"]
[Result "1/2-1/2"]
[WhiteElo "2496"]
[BlackElo "2535"]
[PlyCount "90"]
[EventDate "2011.??.??"]
[WhiteTeam "Guildford A&DC 1"]
[BlackTeam "Wood Green Hilsmark 1"]

1. e4 c6 2. c4 d5 3. exd5 cxd5 4. cxd5 Nf6 5. Nc3 Nxd5 6. Nf3 Nxc3 7. bxc3 g6
8. d4 Bg7 9. Bd3 O-O 10. O-O Nc6 11. Re1 Bg4 12. Be4 e5 13. Ba3 Re8 14. dxe5
Nxe5 15. Bxb7 Rb8 16. Qxd8 Rexd8 17. Nxe5 Bxe5 18. Rxe5 Rxb7 19. Bc5 Be6 20. a4
a6 21. Bd4 Rd5 22. Rxd5 Bxd5 23. h3 Be4 24. Kh2 Rb1 25. Ra2 Bd5 26. Re2 Be6 27.
Bf6 Rb8 28. Rd2 h6 29. Rd6 Ra8 30. h4 a5 31. Kg3 Kh7 32. Rd8 Rxd8 33. Bxd8 Bd7
34. Kf4 Bxa4 35. Bxa5 Bc6 36. g3 f6 37. Ke3 Kg7 38. Kd4 Kf7 39. Kc5 Bf3 40. Kd6
Be2 41. Kd5 Bf3+ 42. Kd4 Ke6 43. c4 h5 44. Bd8 f5 45. Kc5 Bg2 1/2-1/2

[Event "4NCL"]
[Site "Barcelo Hotel, Hinckley Island"]
[Date "2011.01.16"]
[Round "4.15"]
[White "Gordon, Stephen J"]
[Black "Brunner, Nicolas"]
[Result "1/2-1/2"]
[WhiteElo "2528"]
[BlackElo "2478"]
[PlyCount "48"]
[EventDate "2011.??.??"]
[WhiteTeam "Wood Green Hilsmark 1"]
[BlackTeam "Guildford A&DC 1"]

1. d4 d5 2. c4 c6 3. Nf3 Nf6 4. e3 Bg4 5. h3 Bxf3 6. Qxf3 e6 7. Bd3 Nbd7 8. Nc3
Bb4 9. O-O O-O 10. Qd1 Nb6 11. c5 Nbd7 12. Qb3 Bxc3 13. bxc3 Qc7 14. c4 Rfe8
15. Rb1 Rab8 16. Qc2 dxc4 17. Bxc4 e5 18. Qb3 Re7 19. Bb2 Ne4 20. Qc2 exd4 21.
Bxd4 Nexc5 22. Bxc5 Nxc5 23. Bxf7+ Rxf7 24. Qxc5 b6 1/2-1/2

[Event "4NCL"]
[Site "Barcelo Hotel, Hinckley Island"]
[Date "2011.01.16"]
[Round "4.15"]
[White "Cherniaev, Alexander"]
[Black "Baburin, Alexander"]
[Result "1/2-1/2"]
[WhiteElo "2446"]
[BlackElo "2539"]
[PlyCount "21"]
[EventDate "2011.??.??"]
[WhiteTeam "Guildford A&DC 1"]
[BlackTeam "Wood Green Hilsmark 1"]

1. e4 Nf6 2. e5 Nd5 3. c4 Nb6 4. d4 d6 5. exd6 exd6 6. Be3 g6 7. Bd3 Bg7 8. Nd2
O-O 9. Ngf3 f5 10. g3 c5 11. O-O 1/2-1/2

[Event "4NCL"]
[Site "Barcelo Hotel, Hinckley Island"]
[Date "2011.01.16"]
[Round "4.15"]
[White "Pert, Nicholas"]
[Black "Camacho Collados, Marcos"]
[Result "1-0"]
[WhiteElo "2570"]
[BlackElo "2376"]
[PlyCount "105"]
[EventDate "2011.??.??"]
[WhiteTeam "Wood Green Hilsmark 1"]
[BlackTeam "Guildford A&DC 1"]

1. d4 Nf6 2. Nf3 g6 3. c4 Bg7 4. g3 O-O 5. Bg2 d6 6. O-O c6 7. Nc3 Qb6 8. e4
Bg4 9. h3 Bxf3 10. Bxf3 Nfd7 11. Be3 c5 12. e5 Nc6 13. exd6 cxd4 14. Nd5 Qxb2
15. Rb1 Qa3 16. Nxe7+ Nxe7 17. dxe7 Qxe7 18. Bxd4 Bxd4 19. Qxd4 Ne5 20. Bd5 Nc6
21. Qb2 Rab8 22. Bxc6 bxc6 23. Qxb8 Rxb8 24. Rxb8+ Kg7 25. Rc1 Qd7 26. h4 Qd2
27. Rbb1 Qxa2 28. Ra1 Qb2 29. Rd1 Qb6 30. Ra4 a5 31. Rda1 Qc5 32. Rxa5 Qxc4 33.
Re1 f5 34. Ra7+ Kh6 35. Ree7 Kh5 36. Kg2 h6 37. Ra5 c5 38. Re5 Qb4 39. Raxc5
Qb7+ 40. Rcd5 Qa6 41. Rb5 Qc6+ 42. Rbd5 Qc4 43. Rd6 Qb4 44. Ree6 f4 45. Rd5+ g5
46. hxg5 f3+ 47. Kh2 hxg5 48. Re3 Qb7 49. Rdd3 g4 50. Re6 Kg5 51. Rde3 Qh7+ 52.
Kg1 Qb1+ 53. Re1 1-0

[Event "4NCL"]
[Site "Barcelo Hotel, Hinckley Island"]
[Date "2011.01.16"]
[Round "4.15"]
[White "Greet, Andrew N"]
[Black "Thompson, Ian D"]
[Result "1-0"]
[WhiteElo "2451"]
[BlackElo "2264"]
[PlyCount "87"]
[EventDate "2011.??.??"]
[WhiteTeam "Wood Green Hilsmark 1"]
[BlackTeam "Guildford A&DC 1"]

1. e4 e6 2. d4 d5 3. Nc3 Nf6 4. e5 Nfd7 5. f4 c5 6. Nf3 Nc6 7. Be3 cxd4 8. Nxd4
Bc5 9. Qd2 O-O 10. O-O-O a6 11. Nb3 b6 12. Qf2 Qe7 13. Kb1 Bb7 14. Na4 Bxe3 15.
Qxe3 b5 16. Nb6 Rad8 17. Nxd7 Rxd7 18. Bd3 d4 19. Qh3 g6 20. Be4 Rfd8 21. Qf3
Rc8 22. h4 a5 23. h5 a4 24. Nd2 d3 25. c3 b4 26. c4 a3 27. hxg6 fxg6 28. Qg4
Re8 29. Rh6 Qg7 30. Qg5 Qe7 31. Qg3 Qg7 32. Rdh1 Ne7 33. Rxh7 Qxh7 34. Rxh7
Kxh7 35. Bxb7 Rxb7 36. Ne4 Kg7 37. Nd6 d2 38. Nxe8+ Kf8 39. Qd3 Kxe8 40. Qxd2
axb2 41. Kxb2 Nf5 42. g4 Ne7 43. Qd6 Kf7 44. Kb3 1-0

[Event "4NCL"]
[Site "Barcelo Hotel, Hinckley Island"]
[Date "2011.01.16"]
[Round "4.15"]
[White "Granat, Russell G"]
[Black "Arakhamia-Grant, Ketevan E"]
[Result "0-1"]
[WhiteElo "2243"]
[BlackElo "2458"]
[PlyCount "116"]
[EventDate "2011.??.??"]
[WhiteTeam "Guildford A&DC 1"]
[BlackTeam "Wood Green Hilsmark 1"]

1. e4 c5 2. Nf3 e6 3. d4 cxd4 4. Nxd4 Nc6 5. Nc3 d6 6. Be2 Nf6 7. Be3 Be7 8.
O-O O-O 9. f3 a6 10. Qd2 Qc7 11. Nxc6 bxc6 12. f4 d5 13. Bf3 Bb7 14. e5 Nd7 15.
Ne2 c5 16. c3 Rad8 17. Kh1 Nb6 18. Bf2 f6 19. exf6 Nc4 20. Qc2 Bxf6 21. b3 Nd6
22. Ng3 g6 23. Rae1 Rfe8 24. Qc1 e5 25. fxe5 Bxe5 26. b4 c4 27. Rxe5 Rxe5 28.
Bd4 Nf7 29. Bxe5 Nxe5 30. Qf4 Qg7 31. Ne2 Nxf3 32. gxf3 Re8 33. Nd4 Qe5 34.
Qxe5 Rxe5 35. Kg2 Re3 36. Rc1 Rd3 37. Rc2 Bc8 38. a4 Kf7 39. b5 axb5 40. axb5
Ke7 41. Kf2 Kd6 42. Ne2 Bb7 43. Nf4 Rd1 44. Rb2 d4 45. cxd4 g5 46. Ng2 Rxd4 47.
Ne1 Kc5 48. Ke3 Rd6 49. Rg2 h6 50. h4 gxh4 51. Rg4 Re6+ 52. Kf2 Kxb5 53. Nc2
Kc5 54. Rxh4 Rd6 55. Rh5+ Rd5 56. Rxd5+ Bxd5 57. Ke3 h5 58. Kf4 c3 0-1

[Event "4NCL"]
[Site "Barcelo Hotel, Hinckley Island"]
[Date "2011.01.16"]
[Round "4.15"]
[White "Tissir, Mohamed"]
[Black "Grigoryan, Meri"]
[Result "1-0"]
[WhiteElo "2464"]
[BlackElo "2064"]
[PlyCount "57"]
[EventDate "2011.??.??"]
[WhiteTeam "Wood Green Hilsmark 1"]
[BlackTeam "Guildford A&DC 1"]

1. e4 e5 2. Nf3 Nf6 3. Nxe5 d6 4. Nf3 Nxe4 5. Nc3 d5 6. Qe2 Be7 7. Nxe4 dxe4 8.
Qxe4 O-O 9. Bd3 g6 10. O-O Nc6 11. Be2 Nb4 12. Bd1 Bf5 13. Qc4 b5 14. Qc3 a5
15. d3 Bf6 16. Qd2 c5 17. a3 Nc6 18. Qh6 Bg7 19. Qf4 Rb8 20. Ng5 b4 21. Ne4 Qb6
22. axb4 axb4 23. Qh4 b3 24. c3 Bxe4 25. dxe4 Bxc3 26. Ra3 c4 27. bxc3 b2 28.
Bh6 Ne5 29. Bc2 1-0

[Event "4NCL"]
[Site "Barcelo Hotel, Hinckley Island"]
[Date "2011.01.16"]
[Round "4.16"]
[White "Wells, Peter K"]
[Black "Mah, Karl CC"]
[Result "1/2-1/2"]
[WhiteElo "2487"]
[BlackElo "2428"]
[PlyCount "82"]
[EventDate "2011.??.??"]
[WhiteTeam "White Rose 1"]
[BlackTeam "Cambridge University 1"]

1. d4 d5 2. c4 c6 3. Nf3 Nf6 4. Nc3 a6 5. cxd5 cxd5 6. Bg5 e6 7. e3 Be7 8. Bd3
Nc6 9. Rc1 O-O 10. O-O Nd7 11. Bxe7 Qxe7 12. e4 dxe4 13. Bxe4 Qd6 14. Re1 Nf6
15. Bxc6 bxc6 16. Na4 Bd7 17. Ne5 Rfb8 18. Re3 Be8 19. b3 Rd8 20. Rd3 Nd5 21.
Qg4 f6 22. Nc4 Qe7 23. Nc5 Nc7 24. Re1 Bg6 25. Rde3 Bf7 26. Rg3 g6 27. Na5 Qe8
28. Qf3 Kg7 29. Ne4 Nd5 30. h4 h6 31. Nb7 Rd7 32. Nec5 Re7 33. Nd6 Qb8 34. Nxf7
Kxf7 35. Qg4 Nf4 36. Nd3 g5 37. hxg5 hxg5 38. Nxf4 Qxf4 39. Qh5+ Kg7 40. Rh3
Rg8 41. Qh6+ Kf7 1/2-1/2

[Event "4NCL"]
[Site "Barcelo Hotel, Hinckley Island"]
[Date "2011.01.16"]
[Round "4.16"]
[White "Dearing, Edward J"]
[Black "McNab, Colin A"]
[Result "1-0"]
[WhiteElo "2412"]
[BlackElo "2454"]
[PlyCount "83"]
[EventDate "2011.??.??"]
[WhiteTeam "Cambridge University 1"]
[BlackTeam "White Rose 1"]

1. d4 d6 2. Nf3 g6 3. c4 Bg7 4. Nc3 Nd7 5. e4 e5 6. Be2 Ngf6 7. O-O O-O 8. Be3
Re8 9. d5 Nh5 10. g3 Bf8 11. Ne1 Ng7 12. Nd3 Be7 13. Qd2 Rf8 14. f4 f5 15. fxe5
Nxe5 16. Nxe5 dxe5 17. c5 f4 18. gxf4 exf4 19. Bd4 Bf6 20. e5 Bxe5 21. Bxe5
Qg5+ 22. Kh1 Qxe5 23. Bc4 Bg4 24. Rae1 Qh5 25. Qd3 f3 26. Re7 f2 27. d6+ Kh8
28. Bd5 cxd6 29. cxd6 Rad8 30. Bg2 Bf3 31. Bxf3 Qxf3+ 32. Qxf3 Rxf3 33. Kg2
Rdf8 34. d7 R3f4 35. Nd5 Rg4+ 36. Kh1 Rd4 37. Rxf2 Rd8 38. Nf6 Rd6 39. Kg2 h6
40. Ne8 R8xd7 41. Rf8+ Kh7 42. Rxd7 1-0

[Event "4NCL"]
[Site "Barcelo Hotel, Hinckley Island"]
[Date "2011.01.16"]
[Round "4.16"]
[White "Palliser, Richard JD"]
[Black "Pinter, Gabor"]
[Result "1-0"]
[WhiteElo "2445"]
[BlackElo "2363"]
[PlyCount "53"]
[EventDate "2011.??.??"]
[WhiteTeam "White Rose 1"]
[BlackTeam "Cambridge University 1"]

1. d4 Nf6 2. Bg5 d5 3. e3 Nbd7 4. Nf3 h6 5. Bh4 g5 6. Bg3 Ne4 7. c4 e6 8. Nc3
Nxg3 9. hxg3 c6 10. Qc2 Bg7 11. O-O-O b6 12. e4 g4 13. Nh4 Bb7 14. exd5 cxd5
15. cxd5 Qg5+ 16. Kb1 Bxd5 17. Nxd5 Qxd5 18. Bc4 Qg5 19. d5 e5 20. Bb5 Rd8 21.
Nf5 O-O 22. Bxd7 Rxd7 23. Rh4 Rfd8 24. d6 e4 25. Qxe4 h5 26. Rdh1 Rf8 27. Qe2
1-0

[Event "4NCL"]
[Site "Barcelo Hotel, Hinckley Island"]
[Date "2011.01.16"]
[Round "4.16"]
[White "Bisby, Daniel L"]
[Black "Buckley, Simon T"]
[Result "1/2-1/2"]
[WhiteElo "2306"]
[BlackElo "2345"]
[PlyCount "26"]
[EventDate "2011.??.??"]
[WhiteTeam "Cambridge University 1"]
[BlackTeam "White Rose 1"]

1. d4 Nf6 2. c4 e6 3. g3 Bb4+ 4. Bd2 Qe7 5. Bg2 d5 6. Nf3 O-O 7. O-O c6 8. Qc2
Nfd7 9. Bf4 Bd6 10. Nbd2 e5 11. dxe5 Nxe5 12. Nxe5 Bxe5 13. Bxe5 Qxe5 1/2-1/2

[Event "4NCL"]
[Site "Barcelo Hotel, Hinckley Island"]
[Date "2011.01.16"]
[Round "4.16"]
[White "Gourlay, Iain"]
[Black "Moskovic, David M"]
[Result "1/2-1/2"]
[WhiteElo "2367"]
[BlackElo "2293"]
[PlyCount "79"]
[EventDate "2011.??.??"]
[WhiteTeam "White Rose 1"]
[BlackTeam "Cambridge University 1"]

1. Nf3 Nf6 2. g3 g6 3. b4 c6 4. c4 d5 5. cxd5 cxd5 6. Bb2 Bg7 7. Bg2 O-O 8. a4
Nbd7 9. Qb3 a5 10. Nc3 e6 11. Nb5 axb4 12. Qxb4 Nb8 13. O-O Nc6 14. Qd6 Qxd6
15. Nxd6 Rd8 16. Nb5 Ne4 17. Bxg7 Kxg7 18. Rfc1 Ra5 19. d3 Nd6 20. Nxd6 Rxd6
21. Nd2 Ne7 22. Nb3 Ra7 23. Rc7 Rd7 24. Rc2 b6 25. Nd4 Ra6 26. Nb5 Bb7 27. e3
Bc6 28. Rb2 Ra5 29. Nd4 Rxa4 30. Rc1 Bb7 31. Rxb6 Ra3 32. Nf3 Ba6 33. Ne5 Ra7
34. d4 f6 35. Nc6 Nxc6 36. Rbxc6 Bc4 37. h4 Kf7 38. Rb6 Ra2 39. Rcb1 Ra1 40.
Bf1 1/2-1/2

[Event "4NCL"]
[Site "Barcelo Hotel, Hinckley Island"]
[Date "2011.01.16"]
[Round "4.16"]
[White "Spencer, Carl J"]
[Black "Townsend, M Paul"]
[Result "1/2-1/2"]
[WhiteElo "2166"]
[BlackElo "2266"]
[PlyCount "61"]
[EventDate "2011.??.??"]
[WhiteTeam "Cambridge University 1"]
[BlackTeam "White Rose 1"]

1. e4 e5 2. Nf3 d6 3. d4 exd4 4. Nxd4 Nf6 5. Nc3 Be7 6. Be2 O-O 7. O-O Re8 8.
f4 Bf8 9. Bf3 c5 10. Nde2 Nc6 11. Kh1 Bg4 12. Rg1 d5 13. e5 d4 14. Ne4 Nxe4 15.
Bxe4 c4 16. Qe1 f5 17. Bxc6 bxc6 18. h3 Bxe2 19. Qxe2 d3 20. Qf2 Qb6 21. Qe1
Bc5 22. Rf1 Rad8 23. Qc3 Kh8 24. a3 Qb8 25. Rd1 Bd4 26. Qd2 Bxb2 27. Bxb2 Qxb2
28. cxd3 Qd4 29. a4 c3 30. Qc2 Qxf4 31. Qxc3 1/2-1/2

[Event "4NCL"]
[Site "Barcelo Hotel, Hinckley Island"]
[Date "2011.01.16"]
[Round "4.16"]
[White "Gayson, Peter M"]
[Black "Churm, Rohan M"]
[Result "1/2-1/2"]
[WhiteElo "2173"]
[BlackElo "2153"]
[PlyCount "54"]
[EventDate "2011.??.??"]
[WhiteTeam "White Rose 1"]
[BlackTeam "Cambridge University 1"]

1. e4 e6 2. d4 d5 3. Nd2 Nf6 4. e5 Nfd7 5. Bd3 c5 6. c3 Nc6 7. Ne2 cxd4 8. cxd4
f6 9. exf6 Nxf6 10. Nf3 Bd6 11. O-O O-O 12. Bf4 Bxf4 13. Nxf4 Ne4 14. Qc1 Ng5
15. Nxg5 Qxg5 16. Ne2 Qxc1 17. Raxc1 a6 18. f4 Bd7 19. a3 Rac8 20. g3 Be8 21.
Kf2 Bh5 22. Ke3 Bxe2 23. Bxe2 Kf7 24. Rc3 Ke7 25. Rfc1 Kd6 26. h4 Ne7 27. Bg4
Rxc3+ 1/2-1/2

[Event "4NCL"]
[Site "Barcelo Hotel, Hinckley Island"]
[Date "2011.01.16"]
[Round "4.16"]
[White "Chevannes, Sabrina L"]
[Black "Messam-Sparks, Lateefah"]
[Result "1/2-1/2"]
[WhiteElo "2062"]
[BlackElo "1904"]
[PlyCount "29"]
[EventDate "2011.??.??"]
[WhiteTeam "Cambridge University 1"]
[BlackTeam "White Rose 1"]

1. d4 d5 2. Nf3 e6 3. Bf4 Bd6 4. Bg3 Nf6 5. e3 Ne4 6. Bxd6 Qxd6 7. c3 Nd7 8.
Nbd2 Nxd2 9. Qxd2 Nf6 10. Bd3 c5 11. O-O O-O 12. Ne5 c4 13. Bc2 Nd7 14. Nxd7
Bxd7 15. e4 1/2-1/2